| 000 | 00458nam a22001817a 4500 | ||
|---|---|---|---|
| 003 | MPLRDC | ||
| 005 | 20220104123724.0 | ||
| 008 | 210129b ||||| |||| 00| 0 eng d | ||
| 082 | _a177 BLOO | ||
| 100 | _aHAROLD H.BLOOMFIELD | ||
| 245 |
_a父母. 子女. 情 _c钟运淼、王明波译 |
||
| 250 | _a初版 | ||
| 260 |
_a _b业强出版社 _c1985 |
||
| 300 | _b平 | ||
| 490 | _a业强丛书. 11 | ||
| 650 | _a应用心理学 | ||
| 942 |
_cBK _o177 BLOO |
||
| 999 |
_c13674 _d13664 |
||